| 000 | 00979cam a2200289 a 4500 | ||
|---|---|---|---|
| 999 |
_c527348 _d527348 |
||
| 001 | 15706555 | ||
| 003 | NUST | ||
| 005 | 20190725084104.0 | ||
| 008 | 090421s2010 maua b 001 0 eng | ||
| 010 |
_a 2009016210 _z 2009030057 |
||
| 020 | _a0321629302 | ||
| 020 | _a9780321629302 | ||
| 035 | _a(OCoLC)ocn319602638 | ||
| 038 | _awaseem | ||
| 040 |
_aDLC _cDLC _dYDX _dYDXCP _dDLC |
||
| 050 | 0 | 0 |
_aQA276.12 _b.V53 2010 |
| 082 | 0 | 0 |
_a519.5 _bVIC |
| 100 | 1 |
_aVickers, Andrew. _918555 |
|
| 245 | 1 | 0 |
_aWhat is a P-value anyway? : _b34 stories to help you actually understand statistics / _cAndrew Vickers. |
| 260 |
_aBoston : _bAddison-Wesley, _cc2010. |
||
| 300 |
_axii, 212 p. : _bill. ; _c24 cm. |
||
| 504 | _aIncludes bibliographical references (p. 209-210) and index. | ||
| 650 | 0 |
_aMathematical statistics. _961 |
|
| 906 |
_a7 _bcbc _corignew _d1 _eecip _f20 _gy-gencatlg |
||
| 942 |
_2ddc _cBK |
||